[Event "Gibraltar ChallWk2 13th"]
[Site "Gibraltar"]
[Date "2015.01.31"]
[Round "1.24"]
[White "Ruiz Manrique, Joaquin"]
[Black "Rodriguez Alvarez, Vidal"]
[Result "0-1"]
[WhiteElo "1945"]
[BlackElo "2122"]
[PlyCount "106"]
[EventDate "2015.01.31"]
[EventType "swiss"]
[EventRounds "5"]
[EventCountry "GGB"]
[SourceTitle "BritBase"]
[Source "www.saund.co.uk"]
[SourceDate "2018.02.10"]
[SourceVersion "1"]
[SourceVersionDate "2018.02.10"]
[SourceQuality "1"]

1. e4 c5 2. Nc3 Nc6 3. Bb5 Nd4 4. Bc4 g6 5. Nge2 Bg7 6. O-O e6 7. Nxd4 cxd4 8.
Ne2 Ne7 9. d3 O-O 10. f4 d5 11. Bb3 dxe4 12. dxe4 b6 13. Ng3 Ba6 14. Rf3 Nc6
15. e5 d3 16. c3 Qh4 17. Ne4 Nxe5 18. Rh3 Qg4 19. fxe5 Qxe4 20. Be3 Qxe5 21.
Qd2 h5 22. Re1 Qd6 23. Bf4 Qc5+ 24. Be3 Qc6 25. Bh6 Rfe8 26. Rf1 Qc5+ 27. Kh1
Qf8 28. Be3 Rad8 29. g4 Bb7+ 30. Kg1 hxg4 31. Rh4 Qd6 32. Bh6 Qc5+ 33. Be3 Qc6
34. Rxg4 Qh1+ 35. Kf2 Qxh2+ 36. Ke1 Qxd2+ 37. Kxd2 Bd5 38. Ba4 Rf8 39. Rf2 e5
40. Rh4 f5 41. Bh6 Bxh6+ 42. Rxh6 Kg7 43. Rh3 Rh8 44. Rg3 Kf6 45. Rxd3 Be4 46.
Rxd8 Rxd8+ 47. Ke2 g5 48. Kf1 g4 49. Rh2 Kg5 50. Rh7 Kf4 51. Rg7 g3 52. Rg6 Bf3
53. Ke1 Rd1+ 0-1

[Event "Gibraltar ChallWk2 13th"]
[Site "Gibraltar"]
[Date "2015.01.31"]
[Round "1.25"]
[White "Amgalanbaatar, Ravdanlkhumbuu"]
[Black "Tortolero, Cesar"]
[Result "1-0"]
[WhiteElo "2117"]
[BlackElo "1937"]
[PlyCount "80"]
[EventDate "2015.01.31"]
[EventType "swiss"]
[EventRounds "5"]
[EventCountry "GGB"]
[SourceTitle "BritBase"]
[Source "www.saund.co.uk"]
[SourceDate "2018.02.10"]
[SourceVersion "1"]
[SourceVersionDate "2018.02.10"]
[SourceQuality "1"]

1. e4 c5 2. Nf3 d6 3. d4 cxd4 4. Nxd4 Nf6 5. Nc3 a6 6. Be3 e5 7. Nb3 Be6 8. f3
Qc7 9. Qd2 Nbd7 10. O-O-O b5 11. g4 Rc8 12. g5 Nh5 13. Qf2 Be7 14. Nd5 Bxd5 15.
Rxd5 Nf4 16. Bxf4 exf4 17. Bh3 Rd8 18. Bxd7+ Rxd7 19. Qd2 O-O 20. Rg1 Rfd8 21.
Nd4 g6 22. Qxf4 Rc8 23. Qd2 Qb6 24. Rd1 Rc5 25. Kb1 Rdc7 26. c3 a5 27. f4 b4
28. cxb4 axb4 29. b3 Bf8 30. Rxc5 dxc5 31. Ne2 c4 32. bxc4 b3 33. a3 Ra7 34.
Nc3 Rxa3 35. Nd5 Bg7 36. e5 Qa5 37. Qxa5 Rxa5 38. Kb2 Ra2+ 39. Kxb3 Rxh2 40. c5
Bf8 1-0

[Event "Gibraltar ChallWk2 13th"]
[Site "Gibraltar"]
[Date "2015.01.31"]
[Round "1.26"]
[White "Morais, Vitor"]
[Black "Osuna Vega, Enrique"]
[Result "0-1"]
[WhiteElo "1934"]
[BlackElo "2108"]
[PlyCount "58"]
[EventDate "2015.01.31"]
[EventType "swiss"]
[EventRounds "5"]
[EventCountry "GGB"]
[SourceTitle "BritBase"]
[Source "www.saund.co.uk"]
[SourceDate "2018.02.10"]
[SourceVersion "1"]
[SourceVersionDate "2018.02.10"]
[SourceQuality "1"]

1. b3 b6 2. Bb2 Bb7 3. e3 e6 4. Nf3 Nf6 5. Be2 Be7 6. O-O c5 7. d3 Nc6 8. Nbd2
d5 9. Ne5 Nxe5 10. Bxe5 O-O 11. f4 d4 12. Bxf6 Bxf6 13. e4 e5 14. a4 exf4 15.
Rxf4 Bg5 16. Rf3 a6 17. Qf1 g6 18. g4 f5 19. gxf5 gxf5 20. Rg3 Kh8 21. exf5 Bh4
22. Bf3 Bxg3 23. Bxb7 Ra7 24. Bc6 Bd6 25. Qf3 Qg5+ 26. Qg2 Qh4 27. Qe2 Rg7+ 28.
Kh1 Rfg8 29. Bd5 Rg2 0-1

[Event "Gibraltar ChallWk2 13th"]
[Site "Gibraltar"]
[Date "2015.01.31"]
[Round "1.28"]
[White "Van De Wynkele, Rudy"]
[Black "Kandic, Milan"]
[Result "0-1"]
[WhiteElo "1929"]
[BlackElo "2101"]
[PlyCount "106"]
[EventDate "2015.01.31"]
[EventType "swiss"]
[EventRounds "5"]
[EventCountry "GGB"]
[SourceTitle "BritBase"]
[Source "www.saund.co.uk"]
[SourceDate "2018.02.10"]
[SourceVersion "1"]
[SourceVersionDate "2018.02.10"]
[SourceQuality "1"]

1. e4 d6 2. d4 Nf6 3. Nc3 e5 4. dxe5 dxe5 5. Qxd8+ Kxd8 6. Bc4 Be6 7. Bxe6 fxe6
8. Be3 Bd6 9. f3 Nc6 10. Nge2 Ke7 11. O-O-O a6 12. Rd2 Rad8 13. Kb1 h6 14. h4
Rhf8 15. h5 Na5 16. Rd3 Nc4 17. Bg1 b6 18. Ng3 Bb4 19. Nce2 Bd2 20. b3 Rxd3 21.
cxd3 Ne3 22. Bxe3 Bxe3 23. Nf1 Bg5 24. Kc2 b5 25. Nd2 Be3 26. Nf1 Bf2 27. Nc3
Nd7 28. Nd1 Bb6 29. Nfe3 Nf6 30. Kd2 Rd8 31. g4 Nd7 32. Nf2 c5 33. Ke2 Nb8 34.
Rd1 Nc6 35. Nc2 Ba5 36. Nh3 Rc8 37. Rb1 Bc3 38. Nf2 Bb4 39. Rc1 Bc3 40. Nd1 Bd4
41. Nde3 Bxe3 42. Kxe3 Nd4 43. Na3 Rf8 44. Rf1 Kd6 45. Rf2 a5 46. Rf1 Ra8 47.
f4 a4 48. fxe5+ Kxe5 49. Rc1 axb3 50. Rxc5+ Kd6 51. Kxd4 e5+ 52. Rxe5 Ra4+ 53.
Nc4+ Rxc4+ 0-1

[Event "Gibraltar ChallWk2 13th"]
[Site "Gibraltar"]
[Date "2015.01.31"]
[Round "1.29"]
[White "Verneuil, Pascal"]
[Black "Burke, Mitchell R"]
[Result "1/2-1/2"]
[WhiteElo "2093"]
[BlackElo "1928"]
[PlyCount "54"]
[EventDate "2015.01.31"]
[EventType "swiss"]
[EventRounds "5"]
[EventCountry "GGB"]
[SourceTitle "BritBase"]
[Source "www.saund.co.uk"]
[SourceDate "2018.02.10"]
[SourceVersion "1"]
[SourceVersionDate "2018.02.10"]
[SourceQuality "1"]

1. e4 c5 2. b4 cxb4 3. a3 d5 4. exd5 Qxd5 5. Nf3 Bg4 6. Be2 Nc6 7. O-O e6 8.
axb4 Bxb4 9. Na3 Nf6 10. Nb5 Qd7 11. c3 Be7 12. h3 Bh5 13. d4 O-O 14. Na3 Qc7
15. Bg5 Nd5 16. Nb5 Qd8 17. Bd2 a6 18. Na3 Qc7 19. g3 b5 20. g4 Bg6 21. c4 bxc4
22. Nxc4 Bf6 23. Rc1 Qb7 24. Nd6 Qd7 25. Qa4 Ne5 26. Qxd7 Nxd7 27. Ra1 Be7
1/2-1/2

[Event "Gibraltar ChallWk2 13th"]
[Site "Gibraltar"]
[Date "2015.01.31"]
[Round "1.32"]
[White "Mulleady, Peter J"]
[Black "Fiori, Hector"]
[Result "0-1"]
[WhiteElo "1908"]
[BlackElo "2066"]
[PlyCount "68"]
[EventDate "2015.01.31"]
[EventType "swiss"]
[EventRounds "5"]
[EventCountry "GGB"]
[SourceTitle "BritBase"]
[Source "www.saund.co.uk"]
[SourceDate "2018.02.10"]
[SourceVersion "1"]
[SourceVersionDate "2018.02.10"]
[SourceQuality "1"]

1. d4 Nf6 2. Nf3 e6 3. Bf4 c5 4. c3 cxd4 5. cxd4 Qb6 6. Qb3 Qxb3 7. axb3 Nc6 8.
e3 Bb4+ 9. Nbd2 d5 10. Bd3 Bd7 11. Ke2 O-O 12. h4 Ng4 13. h5 h6 14. Rh4 f5 15.
Ra4 Be7 16. Ra1 Bxh4 17. Nxh4 Nb4 18. Bd6 Nxd3 19. Bxf8 Kxf8 20. Kxd3 Bb5+ 21.
Kc3 Nxf2 22. Ndf3 Be8 23. Ng6+ Bxg6 24. hxg6 Ng4 25. Kd2 Ke7 26. Rc1 Kd7 27.
Ne5+ Nxe5 28. dxe5 h5 29. Rh1 Rh8 30. g4 h4 31. gxf5 exf5 32. Ke2 Ke6 33. Kf2
Kxe5 34. Kg2 Rh6 0-1

[Event "Gibraltar ChallWk2 13th"]
[Site "Gibraltar"]
[Date "2015.01.31"]
[Round "1.33"]
[White "Brandstetter, Dieter"]
[Black "Bryant, Richard B E"]
[Result "1-0"]
[WhiteElo "2065"]
[BlackElo "1904"]
[PlyCount "95"]
[EventDate "2015.01.31"]
[EventType "swiss"]
[EventRounds "5"]
[EventCountry "GGB"]
[SourceTitle "BritBase"]
[Source "www.saund.co.uk"]
[SourceDate "2018.02.10"]
[SourceVersion "1"]
[SourceVersionDate "2018.02.10"]
[SourceQuality "1"]

1. d4 d5 2. c4 c6 3. Nf3 Nf6 4. e3 e6 5. b3 Nbd7 6. Bd3 Ne4 7. Bb2 f5 8. O-O
Be7 9. Ba3 O-O 10. Bxe7 Qxe7 11. Qc1 g5 12. Qa3 Qg7 13. Nbd2 e5 14. Qb2 Nxd2
15. Nxd2 e4 16. Be2 g4 17. g3 h5 18. cxd5 cxd5 19. Rac1 Nf6 20. Rc5 Be6 21.
Rfc1 Rf7 22. Qc3 h4 23. Rc7 Ne8 24. Rxf7 Qxf7 25. Qb4 Rd8 26. Rc5 Nd6 27. Qc3
Rd7 28. a4 Re7 29. a5 hxg3 30. fxg3 Ne8 31. Bb5 Bd7 32. Rxd5 Bxb5 33. Rxb5 Nd6
34. Rc5 b6 35. Rc6 Qd5 36. axb6 axb6 37. Rxb6 Ra7 38. Qc6 Qxc6 39. Rxc6 Nf7 40.
Rf6 Ra2 41. Nc4 Ra1+ 42. Kf2 Ra2+ 43. Kf1 Ra1+ 44. Ke2 Rh1 45. Rxf5 Rxh2+ 46.
Rf2 Rh1 47. Rf4 Rh2+ 48. Kd1 1-0

[Event "Gibraltar ChallWk2 13th"]
[Site "Gibraltar"]
[Date "2015.01.31"]
[Round "1.34"]
[White "Risting, Eivind Olav"]
[Black "Dasaolu, Rotimi"]
[Result "1-0"]
[WhiteElo "1903"]
[BlackElo "2053"]
[PlyCount "98"]
[EventDate "2015.01.31"]
[EventType "swiss"]
[EventRounds "5"]
[EventCountry "GGB"]
[SourceTitle "BritBase"]
[Source "www.saund.co.uk"]
[SourceDate "2018.02.10"]
[SourceVersion "1"]
[SourceVersionDate "2018.02.10"]
[SourceQuality "1"]

1. e4 c6 2. d4 d5 3. e5 Bf5 4. h4 h6 5. g4 Be4 6. f3 Bh7 7. e6 fxe6 8. Bd3 Qd6
9. Ne2 e5 10. dxe5 Qxe5 11. Kf2 Nd7 12. Bxh7 Rxh7 13. Qd3 Ngf6 14. Nbc3 Qd6 15.
Nd4 O-O-O 16. Nf5 Qc7 17. Be3 e6 18. Nd4 Ne5 19. Qe2 Qf7 20. Kg2 Bd6 21. a4 Re8
22. b3 Rhh8 23. a5 a6 24. Na4 c5 25. Nb5 axb5 26. Bxc5 Bxc5 27. Nxc5 Qc7 28.
Qxb5 Qc6 29. Qb4 d4 30. Rh3 Nfd7 31. Ne4 Kc7 32. Qxd4 Qd5 33. Qb4 Nc6 34. Qc3
Qd4 35. Qe1 Nf6 36. Rd1 Qe5 37. Nxf6 gxf6 38. Qf2 Qxa5 39. Rhh1 Rd8 40. Rhe1
Rxd1 41. Rxd1 Rd8 42. Rxd8 Kxd8 43. Qe3 Qe5 44. Qxh6 Nd4 45. Qf8+ Kc7 46. Qe7+
Kc6 47. Qe8+ Kb6 48. Qd8+ Ka7 49. f4 Qe2+ 1-0

[Event "Gibraltar ChallWk2 13th"]
[Site "Gibraltar"]
[Date "2015.01.31"]
[Round "1.35"]
[White "Gieritz, Dietmar"]
[Black "Mohnblatt, Daniel"]
[Result "1-0"]
[WhiteElo "2048"]
[BlackElo "1863"]
[PlyCount "45"]
[EventDate "2015.01.31"]
[EventType "swiss"]
[EventRounds "5"]
[EventCountry "GGB"]
[SourceTitle "BritBase"]
[Source "www.saund.co.uk"]
[SourceDate "2018.02.10"]
[SourceVersion "1"]
[SourceVersionDate "2018.02.10"]
[SourceQuality "1"]

1. Nf3 Nf6 2. g3 b5 3. c4 a6 4. d4 e6 5. Nc3 b4 6. Na4 d6 7. Bg2 Bb7 8. Bg5 Be7
9. Qb3 a5 10. a3 Na6 11. O-O O-O 12. Rac1 c5 13. Rfd1 Nd7 14. h4 h6 15. Be3 Qc7
16. axb4 axb4 17. Qc2 Nf6 18. b3 Rfd8 19. Bh3 Be4 20. Qb2 Qc6 21. Nd2 Bg6 22.
Bg2 Ne4 23. d5 1-0

[Event "Gibraltar ChallWk2 13th"]
[Site "Gibraltar"]
[Date "2015.01.31"]
[Round "1.36"]
[White "Curado, Manuel Joao Ferro"]
[Black "Byrn, Carsten"]
[Result "0-1"]
[WhiteElo "1860"]
[BlackElo "2044"]
[PlyCount "24"]
[EventDate "2015.01.31"]
[EventType "swiss"]
[EventRounds "5"]
[EventCountry "GGB"]
[SourceTitle "BritBase"]
[Source "www.saund.co.uk"]
[SourceDate "2018.02.10"]
[SourceVersion "1"]
[SourceVersionDate "2018.02.10"]
[SourceQuality "1"]

1. e4 c5 2. Nf3 d6 3. d4 cxd4 4. Nxd4 Nf6 5. Nc3 a6 6. a4 e5 7. Nf3 h6 8. Be2
b6 9. Be3 Bb7 10. Nd5 Nbd7 11. Qd3 Bxd5 12. exd5 e4 0-1

[Event "Gibraltar ChallWk2 13th"]
[Site "Gibraltar"]
[Date "2015.01.31"]
[Round "1.37"]
[White "Ungureanu, Sandu"]
[Black "Christophe-Hayot, Romain"]
[Result "1-0"]
[WhiteElo "2040"]
[BlackElo "1793"]
[PlyCount "157"]
[EventDate "2015.01.31"]
[EventType "swiss"]
[EventRounds "5"]
[EventCountry "GGB"]
[SourceTitle "BritBase"]
[Source "www.saund.co.uk"]
[SourceDate "2018.02.10"]
[SourceVersion "1"]
[SourceVersionDate "2018.02.10"]
[SourceQuality "1"]

1. d4 d5 2. Bf4 Nc6 3. e3 a6 4. c4 e6 5. cxd5 exd5 6. Nf3 Nf6 7. Nc3 Bd6 8. Ne5
Bd7 9. Nxd7 Qxd7 10. Bg5 Ne4 11. Nxe4 dxe4 12. a3 O-O 13. Bc4 Qf5 14. Bf4 b5
15. Be2 Rab8 16. Bg3 Ne7 17. Rc1 a5 18. O-O b4 19. a4 Rb6 20. Bxd6 cxd6 21. Rc7
Nd5 22. Bg4 Qg5 23. Ra7 Nf6 24. Bh3 Qd5 25. Qd2 Rc6 26. Rc1 Rxc1+ 27. Qxc1 g6
28. g3 Ra8 29. Rc7 Qb3 30. Qc2 Qxc2 31. Rxc2 Ra6 32. Bf1 Rb6 33. Rc8+ Kg7 34.
Bb5 Rb7 35. Bc6 Rb6 36. d5 b3 37. Ra8 Rb4 38. Rxa5 Rc4 39. Rb5 Rxa4 40. Rxb3
Ra5 41. Rb4 Ra1+ 42. Kg2 Rd1 43. Rd4 Rxd4 44. exd4 Kf8 45. Kf1 Ke7 46. Ke2 Kd8
47. h3 Ng8 48. g4 Ne7 49. Ke3 f5 50. gxf5 gxf5 51. Kf4 Kc7 52. h4 h6 53. h5 Kd8
54. Ba4 Kc7 55. Be8 Nxd5+ 56. Kxf5 e3 57. fxe3 Nxe3+ 58. Kg6 Kd8 59. Ba4 Ke7
60. b4 d5 61. Bb3 Ke6 62. b5 Kd6 63. Ba4 Kc7 64. Kf6 Kb6 65. Ke5 Ka5 66. Bb3
Kxb5 67. Bxd5 Kb6 68. Be4 Kc7 69. Kf6 Kd6 70. Kg6 Ke6 71. Kxh6 Kf6 72. Kh7 Nc4
73. h6 Nd6 74. Kg8 Nxe4 75. h7 Kg6 76. h8=Q Nf6+ 77. Kf8 Ng4 78. d5 Kf5 79.
Qh5+ 1-0

[Event "Gibraltar ChallWk2 13th"]
[Site "Gibraltar"]
[Date "2015.01.31"]
[Round "1.38"]
[White "Musi, Dietmar"]
[Black "Schouten, Freek"]
[Result "0-1"]
[WhiteElo "1719"]
[BlackElo "2039"]
[PlyCount "119"]
[EventDate "2015.01.31"]
[EventType "swiss"]
[EventRounds "5"]
[EventCountry "GGB"]
[SourceTitle "BritBase"]
[Source "www.saund.co.uk"]
[SourceDate "2018.02.10"]
[SourceVersion "1"]
[SourceVersionDate "2018.02.10"]
[SourceQuality "1"]

1. e4 g6 2. d4 Bg7 3. Bc4 d6 4. Nf3 Nf6 5. Nbd2 O-O 6. O-O Nc6 7. a3 e5 8. dxe5
dxe5 9. h3 Qe7 10. Re1 Be6 11. Qe2 Rad8 12. Nf1 Nh5 13. c3 Na5 14. Bxe6 Qxe6
15. g3 Nb3 16. Ng5 Qe7 17. Be3 Nxa1 18. Rxa1 Rd7 19. Nf3 Rfd8 20. Kg2 a6 21.
N1d2 Nf6 22. Qc4 Ne8 23. Re1 b5 24. Qc6 Qd6 25. Qxd6 Nxd6 26. Re2 f6 27. g4 Kf7
28. Kg3 Nb7 29. Nb3 a5 30. h4 Rd1 31. Rd2 R1xd2 32. Nbxd2 a4 33. Kg2 Ke6 34.
Kf1 Bf8 35. Ke2 Bc5 36. Ne1 Bxe3 37. Kxe3 Nc5 38. f3 Na6 39. Nd3 c5 40. Ke2 Rb8
41. Nf1 b4 42. cxb4 cxb4 43. axb4 Kf7 44. Nd2 Nxb4 45. Nc5 Ra8 46. Nc4 Nc2 47.
Nb6 a3 48. bxa3 Rxa3 49. Nd3 Ra2 50. Kd1 Nd4 51. f4 Nf3 52. Nc4 exf4 53. Nxf4
Nxh4 54. e5 f5 55. e6+ Ke7 56. Nb6 Ra5 57. Nbd5+ Rxd5+ 58. Nxd5+ Kxe6 59. Ne3
Ke5 60. Ke2 0-1

[Event "Gibraltar ChallWk2 13th"]
[Site "Gibraltar"]
[Date "2015.01.31"]
[Round "1.39"]
[White "Van Dongen, Edwin"]
[Black "Henderson De La Fuente, Andrea"]
[Result "1-0"]
[WhiteElo "2036"]
[BlackElo "1700"]
[PlyCount "59"]
[EventDate "2015.01.31"]
[EventType "swiss"]
[EventRounds "5"]
[EventCountry "GGB"]
[SourceTitle "BritBase"]
[Source "www.saund.co.uk"]
[SourceDate "2018.02.10"]
[SourceVersion "1"]
[SourceVersionDate "2018.02.10"]
[SourceQuality "1"]

1. Nf3 Nf6 2. g3 d6 3. Bg2 g6 4. O-O Bg7 5. d4 O-O 6. c4 Nbd7 7. Nc3 e5 8. h3
h6 9. Be3 Ne8 10. dxe5 dxe5 11. Bc5 Nd6 12. Bxd6 cxd6 13. Qxd6 Re8 14. Rfd1 e4
15. Nh2 e3 16. f4 Re6 17. Qd3 Qa5 18. Rac1 Re8 19. Qb1 Qh5 20. Rd5 g5 21. g4
Qh4 22. fxg5 Nb6 23. Ne4 hxg5 24. Nf3 Qh6 25. Rxg5 Be6 26. Rh5 Qf4 27. Rf1 Qc7
28. Neg5 Bxc4 29. Qh7+ Kf8 30. Nh4 1-0

[Event "Gibraltar ChallWk2 13th"]
[Site "Gibraltar"]
[Date "2015.01.31"]
[Round "1.40"]
[White "Haddock, Paul"]
[Black "Alarcon Olmos, Daniel"]
[Result "0-1"]
[WhiteElo "1639"]
[BlackElo "2031"]
[PlyCount "50"]
[EventDate "2015.01.31"]
[EventType "swiss"]
[EventRounds "5"]
[EventCountry "GGB"]
[SourceTitle "BritBase"]
[Source "www.saund.co.uk"]
[SourceDate "2018.02.10"]
[SourceVersion "1"]
[SourceVersionDate "2018.02.10"]
[SourceQuality "1"]

1. e4 g6 2. d4 Bg7 3. Nc3 d6 4. Be3 Nf6 5. f3 c6 6. Qd2 b5 7. Bh6 O-O 8. Bxg7
Kxg7 9. Bd3 Na6 10. g4 e5 11. d5 b4 12. Nce2 cxd5 13. exd5 Qa5 14. g5 Nh5 15.
Rd1 Nc5 16. Bc4 Qb6 17. b3 f5 18. gxf6+ Rxf6 19. Ng3 Nf4 20. h4 h5 21. Rh2 Bd7
22. N1e2 Re8 23. Ne4 Nxe4 24. fxe4 Bg4 25. Rf2 Nd3+ 0-1

[Event "Gibraltar ChallWk2 13th"]
[Site "Gibraltar"]
[Date "2015.01.31"]
[Round "1.43"]
[White "Van Der Elburg, Freddie"]
[Black "Guerra Rivera, Salvador"]
[Result "0-1"]
[WhiteElo "2183"]
[BlackElo "1983"]
[PlyCount "74"]
[EventDate "2015.01.31"]
[EventType "swiss"]
[EventRounds "5"]
[EventCountry "GGB"]
[SourceTitle "BritBase"]
[Source "www.saund.co.uk"]
[SourceDate "2018.02.10"]
[SourceVersion "1"]
[SourceVersionDate "2018.02.10"]
[SourceQuality "1"]

1. c4 d6 2. g3 e5 3. Bg2 f5 4. Nc3 Nf6 5. d3 c6 6. e4 Be7 7. Nge2 O-O 8. O-O
Be6 9. b3 Nbd7 10. Bh3 Ng4 11. f3 Qb6+ 12. d4 Ngf6 13. Na4 Qa6 14. d5 cxd5 15.
cxd5 Bf7 16. Bxf5 b5 17. Qd3 Qb7 18. Nac3 Rab8 19. Be3 Bd8 20. a4 b4 21. Nb5
Qa6 22. Rac1 Bb6 23. Rc6 Nc5 24. Bxc5 Bxc5+ 25. Kg2 Rb6 26. Rxb6 Qxb6 27. Rc1
a6 28. Nxd6 Qxd6 29. Qc4 Be3 30. Qc6 Rd8 31. Rc4 g6 32. Bc8 a5 33. Qb5 Nxd5 34.
Rc6 Qf8 35. exd5 Rxc8 36. Qxa5 Ra8 37. Qc7 Bxd5 0-1

[Event "Gibraltar ChallWk2 13th"]
[Site "Gibraltar"]
[Date "2015.01.31"]
[Round "1.45"]
[White "Berrocal Ruiz, Valentin"]
[Black "Schadd, Jan"]
[Result "1-0"]
[WhiteElo "1986"]
[BlackElo "1853"]
[PlyCount "35"]
[EventDate "2015.01.31"]
[EventType "swiss"]
[EventRounds "5"]
[EventCountry "GGB"]
[SourceTitle "BritBase"]
[Source "www.saund.co.uk"]
[SourceDate "2018.02.10"]
[SourceVersion "1"]
[SourceVersionDate "2018.02.10"]
[SourceQuality "1"]

1. d4 e6 2. c4 Nf6 3. Nc3 d5 4. Nf3 Nbd7 5. e3 c6 6. b3 Bb4 7. Bd2 O-O 8. Bd3
Re8 9. O-O e5 10. dxe5 Nxe5 11. Nxe5 Rxe5 12. Qc2 Bd6 13. cxd5 Rh5 14. f4 Rxh2
15. Kxh2 Ng4+ 16. Kg3 Qb6 17. Bxh7+ Kf8 18. e4 1-0

[Event "Gibraltar ChallWk2 13th"]
[Site "Gibraltar"]
[Date "2015.02.01"]
[Round "2.1"]
[White "Sanchez Botella, Luis Javier"]
[Black "Brandstetter, Dieter"]
[Result "0-1"]
[WhiteElo "2246"]
[BlackElo "2065"]
[PlyCount "148"]
[EventDate "2015.01.31"]
[EventType "swiss"]
[EventRounds "5"]
[EventCountry "GGB"]
[SourceTitle "BritBase"]
[Source "www.saund.co.uk"]
[SourceDate "2018.02.10"]
[SourceVersion "1"]
[SourceVersionDate "2018.02.10"]
[SourceQuality "1"]
[TimeControl "6600+730"]
[WhiteClock "0:01:48"]
[BlackClock "0:01:13"]

1. c4 c6 2. Nf3 d5 3. b3 Nf6 4. Bb2 e6 5. g3 Nbd7 6. Bg2 Bd6 7. O-O O-O 8. d4
b6 9. Nbd2 Bb7 10. Qc2 c5 11. cxd5 exd5 12. Rfd1 Re8 13. e3 Rc8 14. Qf5 g6 15.
Qh3 c4 16. Rac1 cxb3 17. axb3 Qe7 18. Qh4 Ne4 19. Qxe7 Bxe7 20. Nxe4 dxe4 21.
Nd2 f5 22. Bf1 Nf6 23. Bc4+ Nd5 24. Ra1 a5 25. Bb5 Red8 26. Rac1 Bb4 27. Nb1
Kf8 28. Rc4 Nc7 29. Bc6 Bxc6 30. Rxc6 Nd5 31. Rdc1 Rxc6 32. Rxc6 Ke7 33. Ba3
Kd7 34. Rc4 Rc8 35. Bxb4 Nxb4 36. Nc3 Rc6 37. Kg2 Nd3 38. Na2 b5 39. Rxc6 Kxc6
40. Kf1 a4 41. bxa4 bxa4 42. Ke2 Kb5 43. d5 Kc5 44. f3 a3 45. fxe4 fxe4 46. Kd2
Kxd5 47. Kc3 Nf2 48. Nb4+ Ke5 49. Nc2 a2 50. Kb2 Kf5 51. Kxa2 Kg4 52. Kb3 Kh3
53. Nd4 Kxh2 54. Ne2 Nd1 55. Kc4 Nxe3+ 56. Kd4 Nf5+ 57. Ke5 Nxg3 58. Nd4 e3 59.
Kf4 e2 60. Kg4 Kg2 61. Nf3 Nf5 62. Kf4 Kf2 63. Ne5 e1=Q 64. Nd3+ Ke2 65. Nxe1
Kxe1 66. Kg4 Kf2 67. Kh3 h6 68. Kg4 Ke3 69. Kh3 Kf3 70. Kh2 g5 71. Kh3 g4+ 72.
Kh2 g3+ 73. Kh3 Kf2 74. Kg4 g2 0-1

[Event "Gibraltar ChallWk2 13th"]
[Site "Gibraltar"]
[Date "2015.02.01"]
[Round "2.2"]
[White "Kandic, Milan"]
[Black "Longa Yauca, Javier"]
[Result "1-0"]
[WhiteElo "2101"]
[BlackElo "2245"]
[PlyCount "71"]
[EventDate "2015.01.31"]
[EventType "swiss"]
[EventRounds "5"]
[EventCountry "GGB"]
[SourceTitle "BritBase"]
[Source "www.saund.co.uk"]
[SourceDate "2018.02.10"]
[SourceVersion "1"]
[SourceVersionDate "2018.02.10"]
[SourceQuality "1"]
[TimeControl "7200+740"]
[WhiteClock "0:57:51"]
[BlackClock "1:04:18"]

1. e4 e5 2. Nf3 d6 3. d4 Nf6 4. Nc3 Nbd7 5. Bc4 Be7 6. O-O c6 7. a4 a5 8. dxe5
dxe5 9. Qe2 O-O 10. Bg5 h6 11. Be3 Qc7 12. Nh4 Re8 13. Bxf7+ Kf8 14. Qc4 g5 15.
Ng6+ Kg7 16. Bxe8 Nxe8 17. Nxe7 Ndf6 18. Nf5+ Bxf5 19. exf5 Nd6 20. Nb5 Nxc4
21. Nxc7 Rc8 22. Ne6+ Kf7 23. Rfd1 Nd5 24. b3 Ncxe3 25. fxe3 Nxe3 26. Rd7+ Kf6
27. Rxb7 Kxf5 28. Rc7 Rxc7 29. Nxc7 Nxc2 30. Rc1 Nd4 31. Rc5 Ke4 32. Rxa5 Nxb3
33. Ra8 Nd4 34. a5 c5 35. a6 Nc6 36. Nb5 1-0

[Event "Gibraltar ChallWk2 13th"]
[Site "Gibraltar"]
[Date "2015.02.01"]
[Round "2.3"]
[White "Fiori, Hector"]
[Black "Vea, Odin Blikra"]
[Result "1-0"]
[WhiteElo "2066"]
[BlackElo "2242"]
[PlyCount "49"]
[EventDate "2015.01.31"]
[EventType "swiss"]
[EventRounds "5"]
[EventCountry "GGB"]
[SourceTitle "BritBase"]
[Source "www.saund.co.uk"]
[SourceDate "2018.02.10"]
[SourceVersion "1"]
[SourceVersionDate "2018.02.10"]
[SourceQuality "1"]
[TimeControl "7200+1115"]
[WhiteClock "0:32:48"]
[BlackClock "1:02:53"]

1. e4 c5 2. Nf3 d6 3. d4 cxd4 4. Nxd4 Nf6 5. Nc3 g6 6. Be3 Bg7 7. f3 O-O 8. Qd2
Nc6 9. O-O-O d5 10. Nxc6 bxc6 11. Bh6 Be6 12. e5 Nd7 13. h4 Bxe5 14. h5 Rb8 15.
Bxf8 Qxf8 16. g4 Rxb2 17. f4 Bg7 18. h6 Bh8 19. Kxb2 Qb8+ 20. Ka1 Qb4 21. Rh3
Qa3 22. f5 d4 23. fxe6 Nc5 24. Rb1 Be5 25. Qxd4 1-0

[Event "Gibraltar ChallWk2 13th"]
[Site "Gibraltar"]
[Date "2015.02.01"]
[Round "2.4"]
[White "Galmandakh, Badrakh"]
[Black "Gieritz, Dietmar"]
[Result "1-0"]
[WhiteElo "2240"]
[BlackElo "2048"]
[PlyCount "99"]
[EventDate "2015.01.31"]
[EventType "swiss"]
[EventRounds "5"]
[EventCountry "GGB"]
[SourceTitle "BritBase"]
[Source "www.saund.co.uk"]
[SourceDate "2018.02.10"]
[SourceVersion "1"]
[SourceVersionDate "2018.02.10"]
[SourceQuality "1"]
[TimeControl "6600+1050"]
[WhiteClock "0:00:31"]
[BlackClock "0:55:05"]

1. d3 d5 2. e4 e6 3. Nd2 Nf6 4. Ngf3 Be7 5. g3 O-O 6. Bg2 c5 7. O-O Re8 8. Re1
Nc6 9. c3 b5 10. e5 Nd7 11. h4 a5 12. h5 h6 13. Nf1 f6 14. d4 Qb6 15. Bh3 Nf8
16. Be3 cxd4 17. cxd4 Ra7 18. N1h2 f5 19. a3 a4 20. Kh1 b4 21. g4 bxa3 22. bxa3
Qb3 23. Qc1 f4 24. Qxc6 Bd7 25. Qc1 Rc8 26. Qb1 fxe3 27. Rxe3 Qc2 28. Kg1 Rac7
29. Bf1 Qxb1 30. Rxb1 Rc3 31. Rxc3 Rxc3 32. Bb5 Bxb5 33. Rxb5 Rxa3 34. Rb7 Kf7
35. Ra7 Ra1+ 36. Kg2 a3 37. g5 hxg5 38. Nxg5+ Ke8 39. Ra8+ Bd8 40. Ng4 Kd7 41.
Nf7 Be7 42. Ra7+ Ke8 43. Nd6+ Kd8 44. h6 gxh6 45. Nxh6 Bxd6 46. exd6 a2 47. Ng4
Kc8 48. Ne5 Kb8 49. Nc6+ Kc8 50. Rc7# 1-0